000 00290nam a22001217a 4500
008 181106b xxu||||| |||| 00| 0 eng d
041 _aeng
080 _25th
_a617
100 _a5
101 _aKIR
245 _aAlexander's Care of the Patient in Surgery
_cBallinger,W.F
942 _2udc
_cBK
999 _c51945
_d51945